Statistics for 2012 NBA Finals Starters

Click here to take the quiz!

General Stats

  • This quiz has been taken 12,911 times
  • The average score is 8 of 10

Answer Stats

Team Position Player % Correct
OKCPGRussell Westbrook
99%
OKCSFKevin Durant
99%
MIAPFLeBron James
99%
MIASGDwyane Wade
98%
MIACChris Bosh
96%
OKCPFSerge Ibaka
86%
MIAPGMario Chalmers
84%
OKCCKendrick Perkins
67%
MIASFShane Battier
56%
OKCSGThabo Sefolosha
42%

Score Distribution

Percentile by Number Answered

Percent of People with Each Score

Your Score History

You have not taken this quiz